000
00481nam a2200181Ia 4500
008
100917s9999 xx 000 0 und d
082
_b
38243
100
_a
राजे शैलजा
245
_a
इभ्रत
260
_b
दीपज्योती प्रकाशन
_c
1979
300
_a
163
365
_b
15
520
_a
कादंबरी
630
_a
इभ्रत
650
_a
कादंबरी
730
_a
इभ्रत
942
_c
BOOK
999
_c
643637
_d
643634